MDQL
is popping MORE tags! Check the
thread
!
Quizzes
Events
Quiz Creation
Community
Videos
Private Events
Remove Ads
Sign In
Join for FREE
Feedback
Dark Mode
Quiz Categories
Sports
Geography
Music
Movies
Television
Just For Fun
Miscellaneous
History
Literature
Language
Science
Gaming
Entertainment
Religion
Holiday
For Kids
Quiz Lab
Recent
Popular Today
Quiz Kudos Today
Editor Picks
Curator Picks
Quizzes by...
Day
Popularity
Type
Ratings
Length
Year
Community
Subscriptions
Recent Discussions
Orange Saloon
Badges
Playlists
Quests
Create
Leaderboards
Showdown
Live 5
Trivia Bingo
Activity
Puzzle Library
Sporcle Events
Private Events
Virtual Trivia
Globe League
Become a Host
Pub Owners
SporcleCon
Opinionation
Our Games
Videos
Blog
Mobile Apps
Partnerships
Remove Ads and Go Orange
Feedback
Sports
Athletes
MLB
NBA
NHL
NFL
Soccer
Sports Teams
WWE
NCAA
Football
Premier League
Basketball
Baseball
Hockey
Golf
Tennis
Cricket
Rugby
Auto Racing
Olympics
World Cup
Sports
Athletes
MLB
NBA
NHL
NFL
Soccer
Sports Teams
WWE
NCAA
Football
Premier League
Basketball
Baseball
Hockey
Golf
Tennis
Cricket
Rugby
Auto Racing
Olympics
World Cup
Random Quiz
Search Sporcle
×
Quiz Lab
Quiz Lab
Sports
MLB
Type in answers that appear in a list
Type in answers that appear in a list
Classic
Best Score? Go Orange.
MLB Rookies of the Year Stats
Can you name the All-time MLB Rookies of the Year?
By
kps7179
16m
130 Questions
189 Plays
189 Plays
189 Plays
Comments
Comments
Give Quiz Kudos
Give Quiz Kudos
-
- Ratings
hide this ad
More Info
Replay
Link that replays current quiz
Next Quiz
Link to next quiz in quiz playlist
You Got
0%
They Got
Avg Score
55%
Avg Friend Score
Upgrade to see
Score Distribution
Jump to the score distribution portion of the page
Score
0/130
Timer
16:00
0
Plays Today
Year
Player
% Correct
2001
Ichiro Suzuki
88.9%
2012
Mike Trout
88.9%
1947
Jackie Robinson
87.8%
1956
Frank Robinson
87.8%
2012
Bryce Harper
84.7%
1987
Mark McGwire
82.5%
1996
Derek Jeter
82.5%
1960
Frank Howard
82%
2005
Ryan Howard
82%
1982
Cal Ripken
81%
1984
Dwight Gooden
81%
1986
Jose Canseco
79.9%
1993
Mike Piazza
79.4%
2001
Albert Pujols
78.3%
2007
Ryan Braun
78.3%
2008
Evan Longoria
78.3%
2010
Buster Posey
78.3%
1961
Billy Williams
77.8%
1971
Earl Williams
77.8%
1983
Darryl Strawberry
76.7%
2007
Dustin Pedroia
75.1%
1951
Willie Mays
74.6%
1991
Jeff Bagwell
74.6%
1992
Eric Karros
74.1%
1997
Nomar Garciaparra
72.5%
2006
Justin Verlander
72.5%
1993
Tim Salmon
70.4%
1977
Eddie Murray
69.3%
1999
Carlos Beltran
69.3%
1981
Fernando Valenzuela
68.8%
1995
Hideo Nomo
68.8%
1975
Fred Lynn
67.7%
1994
Raul Mondesi
67.7%
2006
Hanley Ramirez
67.7%
2004
Jason Bay
67.2%
1963
Pete Rose
66.7%
1984
Alvin Davis
66.7%
1990
David Justice
66.1%
1968
Johnny Bench
65.6%
1988
Walt Weiss
65.6%
1996
Todd Hollandsworth
65.1%
1959
Willie McCovey
64.6%
1977
Andre Dawson
64.6%
1967
Tom Seaver
64%
Year
Player
% Correct
2003
Dontrelle Willis
64%
2008
Govany Soto
64%
2011
Craig Kimbrel
64%
1967
Rod Carew
63.5%
1982
Steve Sax
63.5%
1998
Kerry Wood
62.4%
2010
Neftali Feliz
61.4%
1985
Vince Coleman
60.8%
1990
Sandy Alomar
60.8%
1991
Chuck Knoblauch
60.8%
1972
Carlton Fisk
59.8%
1978
Lou Whitaker
59.8%
1988
Chris Sabo
59.8%
1997
Scott Rolen
59.3%
1970
Thurman Munson
57.7%
1958
Orlando Cepeda
56.6%
2005
Huston Street
56.1%
1976
Mark Fidrych
55.6%
1978
Bob Horner
55%
1987
Benito Santiago
55%
1995
Marty Cordova
54.5%
2009
Andrew Bailey
54.5%
2011
Jeremy Hellickson
54.5%
1992
Pat Listach
53.4%
2004
Bobby Crosby
52.9%
1983
Ron Kittle
52.4%
2003
Angel Berroa
52.4%
1964
Dick Allen
51.9%
2009
Chris Coghlan
51.9%
1994
Bob Hamelin
50.8%
2000
Kazuhiro Sasaki
50.8%
1964
Tony Oliva
50.3%
2002
Eric Hinske
50.3%
1980
Steve Howe
49.7%
1981
Dave Righetti
49.7%
1985
Ozzie Guillen
49.7%
1998
Ben Grieve
49.7%
2000
Rafael Furcal
49.7%
1989
Jerome Walton
49.2%
1989
Gregg Olson
49.2%
1956
Luis Aparicio
48.7%
2002
Jason Jennings
48.7%
1949
Don Newcombe
48.1%
1980
Joe Charboneau
46.6%
Year
Player
% Correct
1999
Scott Williamson
46.6%
1986
Todd Worrell
45%
1979
Rick Sutcliffe
42.3%
1969
Lou Piniella
41.8%
1972
Jon Matlack
40.2%
1973
Gary Matthews
38.6%
1975
John Montefusco
38.6%
1962
Tom Tresh
38.1%
1979*
John Castino
38.1%
1957
Tony Kubek
37%
1974
Bake McBride
36.5%
1952
Joe Black
36%
1976*
Butch Metzger
36%
1950
Walt Dropo
35.4%
1951
Gil McDougald
35.4%
1971
Chris Chambliss
35.4%
1953
Harvey Kuenn
34.9%
1965
Jim Lefebvre
34.9%
1966
Tommie Agee
34.9%
1953
Jim Gilliam
34.4%
1955
Herb Score
34.4%
1959
Bob Allison
34.4%
1969
Ted Sizemore
34.4%
1974
Mike Hargrove
33.9%
1973
Al Bumbry
33.3%
1948
Al Dark
32.8%
1962
Ken Hubbs
32.8%
1968
Stan Bahnsen
32.8%
1949
Roy Sievers
32.3%
1954
Wally Moon
31.7%
1957
Jack Sanford
31.7%
1954
Bob Grim
31.2%
1960
Ron Hansen
30.7%
1963
Gary Peters
30.2%
1965
Curt Blefary
30.2%
1970
Carl Morton
30.2%
1966
Tommy Helms
29.6%
1950
Sam Jethroe
29.1%
1952
Harry Byrd
29.1%
1955
Bill Virdon
29.1%
1961
Don Schwall
28.6%
1958
Albie Pearson
26.5%
Quiz Playlist
Details
Report
Send in Message
Add To Playlist
More Info:
* = indicated co-winners.
Classic:
Type in answers that appear in a list
Quiz Source
Last Updated: Feb 16, 2017
Quiz Scoreboard
CHALLENGE
Sign Up to Join the Scoreboard
Show All
Scores
Hide
Comments
May contain spoilers
Recently Published
Holiday 10x10 Sorting Gallery
by lukepisani3
Holiday
15m
Two Season TV Shows II
by 123Four
Television
10m
Image Sorting: Flags VI
by Barbecue
Geography
2m
More to Explore
Quiz From the Vault
Featured Blog Post
14 Easter Pick-up Lines to Find Eggs With
hide this ad
You Might Also Like...
Tags
Baseball Quiz
MLB Quiz
League
Player
team
Today's Top Quizzes in Sports
Browse Sports
hide this ad
Today's Top Quizzes in MLB
Browse MLB
Top Contributed Quizzes in Sports
1
Les meilleurs buteurs des matchs entre le PSG et l’OM
2
Les entraîneurs de l'OM et du PSG au 21e siècle
3
2022 World Cup Stars
4
Players with Multiple 50 Home Run Seasons
5
Les joueurs passés par le PSG et l'OM
6
FIFA Club World Cup Champions
7
Top 10 NHL Goal Scorers of All Time
8
Criteria MLB: Left Handed Sluggers
9
Les joueurs passés par le LOSC et le RC Lens
10
2023 MLB Unique Player Accomplishments
Explore More
Trending Topics
NBA
Harry Potter
Anime
Crossword
Disney
Kpop
Marvel
NFL
Puzzle
Soccer
Song
Country
Pokémon
The Office
WWE
hide this ad
More By:
kps7179
Quiz
Plays
Rating
Category
Featured
Created
Famous 20th Century Quotes
80,150
4.52
History
Feb 19, 2013
Famous Quotes in History by Women
38,504
4.54
History
Jan 15, 2014
Philosopher Biographies
23,549
4.48
History
Mar 6, 2013
Famous 19th Century Quotes
18,275
4.53
History
Feb 19, 2013
2012 MLB Teams Over .500 (clickable version)
4,105
4.31
Sports
Oct 5, 2012
Go to Creator's Profile
Score Distribution
Quiz Creator Spotlight
kps7179
Follow
Send a Message
Quizzes Created
-
Created Quiz Play Count
-
More By This Creator
Popular Quizzes Today
1
Find the US States - No Outlines Minefield
2
Colored Red Africa Blitz
3
Find the 'City' Movie
4
The Countries of the World
5
Find the US States
6
5x2 Blitz: Bands
7
Find the Countries of Europe - No Outlines Minefield
8
US States
More Sports Quizzes
Men's Test Cricket: Pakistan v Sri Lanka Top 10s
Curator's Pick
Trending Quizzes
Colored Red Europe Blitz I
Colored Red Europe Blitz II
Colored Red Africa Blitz II
Colored Red Europe Blitz III
Colored Red Africa Blitz III
Recently Updated
Odd Team Out - Big 4 Players
pecheneg
Quick Pick: 20 Twenties
pecheneg
March Madness Men's Triple Doubles
pecheneg
How Do You Spell That?
pecheneg
Godzilla Movies
pecheneg
Grab Bag: 4-10 Letters
pecheneg
2024 March Madness Bracket
pecheneg
Famous TV Couples
Peacemaker
Champions League XIs: Real Madrid
pecheneg
Largest US Cities 1790-2010
pecheneg
Trending Topics
Kpop
Crossword
Marvel
NBA
Disney
Harry Potter
Anime
Pokémon
Soccer
The Office
WWE
Puzzle
Country
Song
NFL
Your Account Isn't Verified!
In order to create a playlist on Sporcle, you need to verify the email address you used during registration. Go to your
Sporcle Settings
to finish the process.
Report this User
Report this user for behavior that violates our
Community Guidelines
.
Details:
Send Report
Go to the Sporcle.com Mobile Site →
Comments